Фотографирование с аэроплана немецких позиций (Запись № 13498038)

Подробности
000 -МАРКЕР
контрольное поле 02917nkm a2200493 4500
001 - ИДЕНТИФИКАТОР ЗАПИСИ
контрольное поле RU\NLR\BIBL_A\022659707
005 - ИДЕНТИФИКАТОР ВЕРСИИ
контрольное поле 20260408082052.0
035 ## - ДРУГИЕ СИСТЕМНЫЕ НОМЕРА
Идентификатор записи (NLR Aleph) 022659707
071 50 - ИЗДАТЕЛЬСКИЙ НОМЕР
Номер, присвоенный агентством 135
100 ## - ДАННЫЕ ОБЩЕЙ ОБРАБОТКИ
Данные общей обработки 20251105d1917 u y0rusy50 ca
101 0# - ЯЗЫК РЕСУРСА
Язык текста, звукозаписи и т.д. русский
102 ## - СТРАНА ПУБЛИКАЦИИ ИЛИ ПРОИЗВОДСТВА
Страна публикации российская федерация
116 ## - ПОЛЕ КОДИРОВАННЫХ ДАННЫХ: ИЗОБРАЗИТЕЛЬНЫЕ МАТЕРИАЛЫ
Кодированные данные для изобразительных материалов. diybxx zz ae
135 ## - ПОЛЕ КОДИРОВАННЫХ ДАННЫХ: ЭЛЕКТРОННЫЕ РЕСУРСЫ
Кодированные данные для электронного ресурса crcn 024anaba
181 #0 - ПОЛЕ КОДИРОВАННЫХ ДАННЫХ: ВИД СОДЕРЖАНИЯ
Код вида содержания (ISBD) b4
Код характеристики содержания (ISBD) xb2e
182 #0 - ПОЛЕ КОДИРОВАННЫХ ДАННЫХ: ТИП СРЕДСТВА
Код типа средства (ISBD) n - непосредственное
200 1# - ЗАГЛАВИЕ И СВЕДЕНИЯ ОБ ОТВЕТСТВЕННОСТИ
Основное заглавие Фотографирование с аэроплана немецких позиций
Сведения, относящиеся к заглавию почтовая карточка
203 ## - ВИД СОДЕРЖАНИЯ И ТИП СРЕДСТВА
Вид содержания Изображение
Дополнительные сведения об издании неподвижное
-- двухмерное
-- визуальное
Тип средства непосредственное
210 ## - ПУБЛИКАЦИЯ, РАСПРОСТРАНЕНИЕ И ДР.
Место издания, распространения и т.д. Луга
Имя издателя, распространителя и т. д. издание Г. В. Грузинцева
Дата издания, распространения и т.д. 1917
Место изготовления Москва
Имя изготовителя Фототипия Шерер, Набгольц и Ко.
215 ## - ФИЗИЧЕСКАЯ ХАРАКТЕРИСТИКА
Специфическое обозначение материала и объем 1 л.
Другие сведения о физической характеристике фототип.
Размеры 8,5х13,7
301 ## - ПРИМЕЧАНИЯ, ОТНОСЯЩИЕСЯ К ИДЕНТИФИКАЦИОННЫМ НОМЕРАМ
Текст примечания Изд. номер: № 135
316 ## - ПРИМЕЧАНИЯ ОБ ОСОБЕННОСТЯХ ЭКЗЕМПЛЯРА
Текст примечания Экз. РНБ на шифре Э ОИр638/1240/135, Эот95732: на адрес. стороне штемпель: 5 к
Организация и экземпляр, к которому относится поле NLR: Э ОИр638/1240/135
325 ## - ПРИМЕЧАНИЕ О КОПИИ
Текст примечания Копия доступна в Электрон. б-ке РНБ
606 1# - НАИМЕНОВАНИЕ ТЕМЫ КАК ПРЕДМЕТ
Наименование темы Почтовые открытки маркированные художественные
Географический подзаголовок Россия
Хронологический подзаголовок 1895 - 1917
Системный номер авторитетной/нормативной записи 2195710
Идентификатор авторитетной/нормативной записи RU\NLR\AUTH\6601555036
606 1# - НАИМЕНОВАНИЕ ТЕМЫ КАК ПРЕДМЕТ
Наименование темы Фотографические открытки
Системный номер авторитетной/нормативной записи 2151039
Идентификатор авторитетной/нормативной записи RU\NLR\AUTH\661600135
606 1# - НАИМЕНОВАНИЕ ТЕМЫ КАК ПРЕДМЕТ
Наименование темы Первая мировая война
Формальный подзаголовок Открытки
Тематический подзаголовок Воздушные операции русские
Хронологический подзаголовок 1914 - 1918
Системный номер авторитетной/нормативной записи 2071307
Идентификатор авторитетной/нормативной записи RU\NLR\AUTH\661246060
606 1# - НАИМЕНОВАНИЕ ТЕМЫ КАК ПРЕДМЕТ
Наименование темы Военные летчики
Формальный подзаголовок Открытки
Хронологический подзаголовок 1914 - 1918
Системный номер авторитетной/нормативной записи 2588601
Идентификатор авторитетной/нормативной записи RU\NLR\AUTH\6601739883
606 1# - НАИМЕНОВАНИЕ ТЕМЫ КАК ПРЕДМЕТ
Наименование темы Фотография
Формальный подзаголовок Открытки
Тематический подзаголовок Военное применение
Системный номер авторитетной/нормативной записи 1296978
Идентификатор авторитетной/нормативной записи RU\NLR\AUTH\66219248
686 0# - ИНДЕКСЫ ДРУГИХ КЛАССИФИКАЦИЙ
Индекс Щ153(2Р=Рус)53-489
702 #1 - ИМЯ ЛИЦА - ВТОРИЧНАЯ ОТВЕТСТВЕННОСТЬ
Начальный элемент ввода Грузинцев
Часть имени, кроме начального элемента ввода Г. В.
Даты 1886-1943
Расширение инициалов личного имени Георгий Васильевич
Код отношения Издатель
712 02 - НАИМЕНОВАНИЕ ОРГАНИЗАЦИИ - ВТОРИЧНАЯ ОТВЕТСТВЕННОСТЬ
Код отношения Печатник (типограф)
Начальный элемент ввода "Шерер, Набгольц и К°", фототипия
Идентифицирующий признак Москва
Идентификатор авторитетной/нормативной записи RU\NLR\AUTH\8810134434
Системный номер авторитетной/нормативной записи 764868
830 ## - ОБЩЕЕ ПРИМЕЧАНИЕ, СОСТАВЛЕННОЕ КАТАЛОГИЗАТОРОМ
Текст примечания Источники сведений о Г.В. Грузинцеве: https://www.proza.ru/2011/04/01/1274 (02.11.2016), http://погибшие.рф/arhiv/uchastniki-belogo-dvizheniya-v-rossii/uchastniki-belogo-dvizheniya-v-rossii-gp-gr.html (02.11.2016). А.Я. ОЭст
852 00 - МЕСТОНАХОЖДЕНИЕ И ШИФР ХРАНЕНИЯ
Идентификатор организации NLR
Наименование фонда или коллекции (Sub-Location Identifier) Э
Шифр хранения (Call Number) ОИр638/1240/135
Идентификатор единицы Эот95732
856 #0 - МЕСТОНАХОЖДЕНИЕ ЭЛЕКТРОННЫХ РЕСУРОВ И ДОСТУП К НИМ
Универсальный идентификатор ресурса (Uniform Resource Identifier) https://vivaldi.nlr.ru/lo500030013/view
856 #1 - МЕСТОНАХОЖДЕНИЕ ЭЛЕКТРОННЫХ РЕСУРОВ И ДОСТУП К НИМ
Универсальный идентификатор ресурса (Uniform Resource Identifier) https://vivaldi.nlr.ru/lo500030013/cover
856 #2 - МЕСТОНАХОЖДЕНИЕ ЭЛЕКТРОННЫХ РЕСУРОВ И ДОСТУП К НИМ
Универсальный идентификатор ресурса (Uniform Resource Identifier) https://vivaldi.nlr.ru/lo500030013/text
942 ## - ДОПОЛНИТЕЛЬНЫЕ ЭЛЕМЕНТЫ ЗАПИСИ (АБИС)
Тип экземпляра АБИС Визуальный материал
980 ## - КОЛЛЕКЦИЯ
Название коллекции Национальная библиография
981 17 - КОЛЛЕКЦИЯ ЭЛЕКТРОННОЙ БИБЛИОТЕКИ
Название коллекции Изографические материалы
Название подколлекции Открытки

Нет доступных экземпляров.